| 000 | 00395nam a2200145Ia 4500 | ||
|---|---|---|---|
| 008 | 230312s9999||||xx |||||||||||||| ||und|| | ||
| 020 | _a9781118862841 | ||
| 082 |
_a006.696 _bDAR-I |
||
| 100 | _aKaner,CEM | ||
| 245 | 0 | _aLessons learned in software testing : a context-driven approach | |
| 260 |
_bWiley _aCanada _c2014 |
||
| 300 | _a584 | ||
| 650 |
_aComputer _vComputer graphics. |
||
| 942 | _cBK | ||
| 999 |
_c17096 _d17096 |
||